[Event "CRO-chT (Women) 29th"]
[Site "Mali Losinj"]
[Date "2021.10.01"]
[Round "7.3"]
[White "Videkovic, Marina"]
[Black "Medic, Mirjana"]
[Result "0-1"]
[WhiteElo "1823"]
[BlackElo "2136"]
[PlyCount "116"]
[EventDate "2021.09.25"]
[EventType "team-tourn"]
[EventRounds "9"]
[EventCountry "CRO"]
[SourceTitle "CBM 204 Extra"]
[Source "ChessBase"]
[SourceDate "2021.11.30"]
[SourceVersion "1"]
[SourceVersionDate "2021.11.30"]
[SourceQuality "1"]
[WhiteTeam "Djakovo Dama (W)"]
[BlackTeam "Busevec Polet (W)"]
[WhiteTeamCountry "CRO"]
[BlackTeamCountry "CRO"]

1. d4 e6 2. c4 f5 3. g3 Nf6 4. Bg2 d5 5. Nc3 c6 6. Nh3 Bd6 7. Bf4 0-0 8. 0-0 Ne4 9. Qc2 Be7 10. Rad1 Nd7 11. Nxe4 fxe4 12. f3 exf3 13. exf3 dxc4 14. Qxc4 Nb6 15. Qe2 Nd5 16. Be5 Bd7 17. f4 Bf6 18. Bxf6 Qxf6 19. Ng5 Rae8 20. Be4 g6 21. Nf3 Qg7 22. Ne5 Bc8 23. Bg2 Rd8 24. Rfe1 Ne7 25. Qc4 Nf5 26. Bh3 Rd5 27. Rd3 Rfd8 28. Red1 Qc7 29. Nf3 Qb6 30. Qc3 a5 31. g4 Ne7 32. Bg2 Rf8 33. Ng5 Rb5 34. Rh3 h5 35. gxh5 Rxf4 36. Ne4 e5 37. Rg3 Bf5 38. Nd6 Rb4 39. Nxf5 Rxf5 40. Bh3 Rf6 41. Rf3 Rxd4 42. Rxd4 Rxf3 43. Qxf3 Qxd4+ 44. Kg2 Qd2+ 45. Kg1 Kg7 46. Qb3 Qd4+ 47. Kf1 Qf4+ 48. Kg1 Qg5+ 49. Kf1 Qxh5 50. Be6 Qg5 51. Ke1 Qg1+ 52. Ke2 Qxh2+ 53. Ke1 Qh4+ 54. Kd1 Qd4+ 55. Ke2 b5 56. Qf3 Qxb2+ 57. Kd1 Qd4+ 58. Kc2 Qf4 0-1

[Event "CRO-chT (Women) 29th"]
[Site "Mali Losinj"]
[Date "2021.09.29"]
[Round "5.41"]
[White "Videkovic, Marina"]
[Black "Unuk, Laura"]
[Result "0-1"]
[WhiteElo "1823"]
[BlackElo "2389"]
[PlyCount "76"]
[EventDate "2021.09.25"]
[EventType "team-tourn"]
[EventRounds "9"]
[EventCountry "CRO"]
[SourceTitle "CBM 204 Extra"]
[Source "ChessBase"]
[SourceDate "2021.11.30"]
[SourceVersion "1"]
[SourceVersionDate "2021.11.30"]
[SourceQuality "1"]
[WhiteTeam "Djakovo Dama (W)"]
[BlackTeam "Rijeka Draga (W)"]
[WhiteTeamCountry "CRO"]
[BlackTeamCountry "CRO"]

1. Nf3 Nf6 2. c4 e6 3. g3 d5 4. e3 Be7 5. Bg2 dxc4 6. Ne5 0-0 7. 0-0 c5 8. Qc2 Qc7 9. f4 Nbd7 10. Nxc4 Rb8 11. a4 b6 12. Nc3 a6 13. d3 b5 14. axb5 axb5 15. Nd2 Qb6 16. Nde4 Bb7 17. h3 Rfd8 18. Rd1 Rbc8 19. Kh2 c4 20. Nxf6+ Nxf6 21. dxc4 Rxd1 22. Qxd1 bxc4 23. g4 h6 24. Qc2 Rd8 25. e4 Rd3 26. Qe2 Qd4 27. Nb5 Qd7 28. Nc3 Bc5 29. Ra5 Qd4 30. Rxc5 Qxc5 31. Bf1 Qd4 32. Nb5 Qb6 33. Nc3 Qc6 34. Qf2 Rd8 35. Bg2 Qd7 36. Kg1 Nxe4 37. Bxe4 Bxe4 38. Be3 Bb7 0-1

[Event "CRO-chT (Women) 29th"]
[Site "Mali Losinj"]
[Date "2021.09.25"]
[Round "1.51"]
[White "Cvitan, Ena"]
[Black "Videkovic, Marina"]
[Result "1-0"]
[WhiteElo "2284"]
[BlackElo "1823"]
[PlyCount "39"]
[EventDate "2021.09.25"]
[EventType "team-tourn"]
[EventRounds "9"]
[EventCountry "CRO"]
[SourceTitle "CBM 204 Extra"]
[Source "ChessBase"]
[SourceDate "2021.11.30"]
[SourceVersion "1"]
[SourceVersionDate "2021.11.30"]
[SourceQuality "1"]
[WhiteTeam "Rijeka Liburnija (W)"]
[BlackTeam "Djakovo Dama (W)"]
[WhiteTeamCountry "CRO"]
[BlackTeamCountry "CRO"]

1. d4 Nf6 2. c4 e6 3. Nc3 Bb4 4. e3 0-0 5. Bd3 d5 6. a3 Bxc3+ 7. bxc3 b6 8. cxd5 exd5 9. Ne2 Re8 10. 0-0 Bg4 11. f3 Bc8 12. Ng3 Bb7 13. Ra2 Nbd7 14. Re2 c5 15. e4 dxe4 16. fxe4 cxd4 17. cxd4 h6 18. e5 Nd5 19. Ref2 Rf8 20. Qg4 1-0

[Event "CRO-chT2 (Women)"]
[Site "Osijek"]
[Date "2019.11.23"]
[Round "1.2"]
[White "Videkovic, Marina"]
[Black "Njegovanovic Ocelic, Paula"]
[Result "1/2-1/2"]
[WhiteElo "1837"]
[BlackElo "1687"]
[PlyCount "53"]
[EventDate "2019.11.23"]
[EventType "team-tourn"]
[EventRounds "3"]
[EventCountry "CRO"]
[SourceTitle "EXT 2021"]
[Source "ChessBase"]
[SourceDate "2020.10.23"]
[SourceVersion "1"]
[SourceVersionDate "2020.10.23"]
[SourceQuality "1"]
[WhiteTeam "Djakovo Dama (W)"]
[BlackTeam "Velimirovac Radnik (W)"]
[WhiteTeamCountry "CRO"]
[BlackTeamCountry "CRO"]

1. d4 d5 2. c4 e6 3. Nc3 Nf6 4. Nf3 Bb4 5. Bd2 0-0 6. e3 b6 7. Be2 Bb7 8. 0-0 Nbd7 9. cxd5 Nxd5 10. Nxd5 Bxd2 11. Nxb6 cxb6 12. Qxd2 Qf6 13. Rac1 Rac8 14. Rxc8 Rxc8 15. Rc1 Qd8 16. Rxc8 Qxc8 17. Ne1 Nf6 18. f3 Qd7 19. Nd3 Nd5 20. a3 Qe7 21. Qc1 h6 22. e4 Nf6 23. Nb4 Qd7 24. Qc3 Nh5 25. g3 Nf6 26. Bd3 Ne8 27. Nc2 1/2-1/2

[Event "CRO-chT (Women) 27th"]
[Site "Biograd"]
[Date "2018.09.12"]
[Round "6.31"]
[White "Videkovic, Marina"]
[Black "Videnova, Iva"]
[Result "0-1"]
[WhiteElo "1833"]
[BlackElo "2336"]
[PlyCount "90"]
[EventDate "2018.09.08"]
[EventType "team-tourn"]
[EventRounds "9"]
[EventCountry "CRO"]
[SourceTitle "CBM 186 Extra"]
[Source "ChessBase"]
[SourceDate "2018.08.24"]
[SourceVersion "1"]
[SourceVersionDate "2018.08.24"]
[SourceQuality "1"]
[WhiteTeam "Djakovo Dama (W)"]
[BlackTeam "Rijeka Liburnija (W)"]
[WhiteTeamCountry "CRO"]
[BlackTeamCountry "CRO"]

1. d4 Nf6 2. Nf3 g6 3. g3 Bg7 4. Bg2 c5 5. c3 Na6 6. 0-0 0-0 7. Re1 d5 8. Na3 Bf5 9. Nh4 Be6 10. Nc2 Rc8 11. Nf3 Bf5 12. e3 c4 13. Ne5 h5 14. h3 Nd7 15. Nxd7 Qxd7 16. Kh2 Rfd8 17. a4 Nb8 18. Nb4 Be6 19. e4 dxe4 20. Rxe4 a5 21. Nc2 Nc6 22. Bf4 Bd5 23. Re1 Bxg2 24. Kxg2 Bf6 25. Qe2 e6 26. Qf3 Ne7 27. Be5 Bg7 28. Bxg7 Kxg7 29. Qe4 Qd5 30. f3 Rc6 31. Na3 Nf5 32. Re2 h4 33. Qxd5 Rxd5 34. g4 Ne7 35. Rc1 g5 36. Rce1 Ng6 37. Kh2 Kf6 38. Nb5 Nf4 39. Re4 Rb6 40. R1e3 Rbxb5 41. axb5 Rxb5 42. Rxf4+ gxf4 43. Re2 Rb3 44. Kg1 b5 45. Kf2 b4 0-1

[Event "CRO-chT (Women) 27th"]
[Site "Biograd"]
[Date "2018.09.10"]
[Round "4.41"]
[White "Videkovic, Marina"]
[Black "Nikolova, Adriana"]
[Result "0-1"]
[WhiteElo "1833"]
[BlackElo "2281"]
[PlyCount "78"]
[EventDate "2018.09.08"]
[EventType "team-tourn"]
[EventRounds "9"]
[EventCountry "CRO"]
[SourceTitle "CBM 186 Extra"]
[Source "ChessBase"]
[SourceDate "2018.08.24"]
[SourceVersion "1"]
[SourceVersionDate "2018.08.24"]
[SourceQuality "1"]
[WhiteTeam "Djakovo Dama (W)"]
[BlackTeam "Rijeka Draga (W)"]
[WhiteTeamCountry "CRO"]
[BlackTeamCountry "CRO"]

1. e4 c5 2. Nf3 d6 3. d4 cxd4 4. Nxd4 Nf6 5. Nc3 a6 6. a4 e5 7. Nb3 h6 8. Bc4 Be7 9. 0-0 0-0 10. Nd5 Nxe4 11. Be3 Nd7 12. Nxe7+ Qxe7 13. Qe2 Ndf6 14. f3 Ng5 15. Rad1 Be6 16. Bxe6 Nxe6 17. Qd2 d5 18. c3 Rac8 19. Qe1 Qc7 20. a5 Qc4 21. Nc1 Qb5 22. Nd3 d4 23. cxd4 exd4 24. Bc1 Nc5 25. Nxc5 Qxc5 26. Bd2 Nd5 27. Rc1 Qb5 28. Qe4 Rxc1 29. Rxc1 Qxb2 30. Bxh6 gxh6 31. Qg4+ Kh8 32. Rc5 Ne3 33. Qh3 Qb1+ 34. Kf2 Qf1+ 35. Kg3 Qe1+ 36. Kf4 Nxg2+ 37. Qxg2 Qe3+ 38. Kf5 Qe6+ 39. Kf4 Qd6+ 0-1

[Event "CRO-chT (Women) 26th"]
[Site "Mali Losinj"]
[Date "2017.10.04"]
[Round "8.42"]
[White "Medic, Mirjana"]
[Black "Videkovic, Marina"]
[Result "1-0"]
[WhiteElo "2128"]
[BlackElo "1850"]
[PlyCount "85"]
[EventDate "2017.09.28"]
[EventType "team-tourn"]
[EventRounds "9"]
[EventCountry "CRO"]
[SourceTitle "EXT 2018"]
[Source "ChessBase"]
[SourceDate "2017.10.13"]
[SourceVersion "1"]
[SourceVersionDate "2017.10.13"]
[SourceQuality "1"]
[WhiteTeam "Busevec Polet (W)"]
[BlackTeam "Djakovo Dama (W)"]
[WhiteTeamCountry "CRO"]
[BlackTeamCountry "CRO"]

1. d4 Nf6 2. Nf3 e6 3. c4 b6 4. Nc3 Bb7 5. e3 d5 6. cxd5 exd5 7. Bd3 Be7 8. 0-0 0-0 9. b3 Nbd7 10. Bb2 Ne4 11. Rc1 Nxc3 12. Rxc3 c5 13. Rc1 Rc8 14. dxc5 Rxc5 15. Bd4 Rxc1 16. Qxc1 Bf6 17. Qa3 a5 18. Rc1 Bxd4 19. Nxd4 Nc5 20. Bb5 Qf6 21. Rc2 Qg6 22. Qc1 h5 23. Qd1 Rd8 24. Be2 h4 25. Bh5 Qh7 26. Bg4 g6 27. h3 f5 28. Be2 Qe7 29. a3 Qd6 30. Nb5 Qe5 31. b4 axb4 32. axb4 Na6 33. Nd4 Nxb4 34. Rb2 Nc6 35. Rxb6 Nxd4 36. exd4 Qg7 37. Qb3 Rd7 38. Bf3 Kh7 39. Qe3 Re7 40. Qf4 Re1+ 41. Kh2 Qe7 42. Qb8 Ba8 43. Ra6 1-0

[Event "CRO-chT (Women) 26th"]
[Site "Mali Losinj"]
[Date "2017.09.28"]
[Round "1.32"]
[White "Berke, Ana"]
[Black "Videkovic, Marina"]
[Result "1-0"]
[WhiteElo "2169"]
[BlackElo "1850"]
[PlyCount "123"]
[EventDate "2017.09.28"]
[EventType "team-tourn"]
[EventRounds "9"]
[EventCountry "CRO"]
[SourceTitle "EXT 2018"]
[Source "ChessBase"]
[SourceDate "2017.10.13"]
[SourceVersion "1"]
[SourceVersionDate "2017.10.13"]
[SourceQuality "1"]
[WhiteTeam "Rijeka Draga (W)"]
[BlackTeam "Djakovo Dama (W)"]
[WhiteTeamCountry "CRO"]
[BlackTeamCountry "CRO"]

1. e4 c5 2. Nf3 d6 3. d4 cxd4 4. Nxd4 Nf6 5. f3 a6 6. c4 g6 7. Nc3 Bg7 8. Be3 Nc6 9. Be2 Bd7 10. Nb3 b6 11. Rc1 0-0 12. Qd2 Rb8 13. 0-0 Be6 14. Rfd1 Nd7 15. Nd5 a5 16. Nf4 Nc5 17. Nd4 Bd7 18. Nd5 Nxd4 19. Bxd4 Ne6 20. Be3 Ba4 21. Rf1 Bc6 22. f4 Nc5 23. Bf3 e6 24. Nc3 Bxc3 25. Qxc3 Nxe4 26. Qd4 f5 27. Rfd1 d5 28. cxd5 Bxd5 29. Qe5 Qf6 30. Qc7 Qf7 31. Bd4 Qxc7 32. Rxc7 Rf7 33. Rdc1 Rxc7 34. Rxc7 Rb7 35. Rxb7 Bxb7 36. Bxb6 a4 37. Be2 Bd5 38. Bb5 Bxa2 39. Bxa4 Bc4 40. Bd4 Kf7 41. Bc6 Nd6 42. Kf2 Bb3 43. g3 h6 44. Ke3 Bc4 45. Be5 Nb5 46. Bf3 Na7 47. Kd4 Bb3 48. Kc5 Nc8 49. Be2 Ke7 50. Ba6 Kd7 51. Bb5+ Ke7 52. Bc6 Kf7 53. Kb5 Bc2 54. Kc4 Nb6+ 55. Kc5 Na4+ 56. Kb5 g5 57. Bd4 gxf4 58. gxf4 Bd1 59. Kb4 Nxb2 60. Bxb2 h5 61. Kc4 h4 62. Kd4 1-0

[Event "Topusko op 2nd"]
[Site "Topusko"]
[Date "2013.08.08"]
[Round "6"]
[White "Cenkovcan, Andrija"]
[Black "Videkovic, Marina"]
[Result "1-0"]
[WhiteElo "1911"]
[BlackElo "1921"]
[PlyCount "77"]
[EventDate "2013.08.03"]
[EventType "swiss"]
[EventRounds "7"]
[EventCountry "CRO"]
[SourceTitle "CBM 155 Extra"]
[Source "ChessBase"]
[SourceDate "2013.08.26"]
[SourceVersion "1"]
[SourceVersionDate "2013.08.26"]
[SourceQuality "1"]

1. e4 c5 2. d3 e6 3. f4 g6 4. Nf3 Bg7 5. Be2 Ne7 6. 0-0 Nbc6 7. c3 d5 8. e5 a6 9. c4 0-0 10. Nc3 f5 11. cxd5 Nxd5 12. a3 b6 13. Qb3 Na5 14. Qa2 Bb7 15. Ng5 Re8 16. Bf3 c4 17. dxc4 Nxc3 18. bxc3 Bxf3 19. Rxf3 Qd1+ 20. Rf1 Qb3 21. Qxb3 Nxb3 22. Rb1 Nxc1 23. Rfxc1 Bf8 24. Rd1 Bxa3 25. Rd7 h6 26. Nf7 Re7 27. Rxe7 Bxe7 28. Nd6 Bd8 29. Kf1 Kf8 30. Ke2 Bc7 31. c5 bxc5 32. Nb7 c4 33. Nc5 Ba5 34. Kd2 Rd8+ 35. Kc2 Rc8 36. Nxe6+ Ke7 37. Nd4 Rc7 38. Ra1 Rc5 39. Rxa5 1-0

[Event "CRO-chT2 North (Women)"]
[Site "Topusko"]
[Date "2010.08.26"]
[Round "1.13"]
[White "Videkovic, Marina"]
[Black "Detelic, Manuela"]
[Result "1-0"]
[WhiteElo "1912"]
[BlackElo "1512"]
[PlyCount "29"]
[EventDate "2010.08.26"]
[EventType "team-tourn"]
[EventRounds "7"]
[EventCountry "CRO"]
[SourceTitle "EXT 2012"]
[Source "ChessBase"]
[SourceDate "2011.11.24"]
[SourceVersion "1"]
[SourceVersionDate "2011.11.24"]
[SourceQuality "1"]

1. Nf3 d5 2. c4 Nf6 3. d4 b6 4. cxd5 Nxd5 5. e4 Nf6 6. Nc3 e6 7. a3 Bb7 8. Bb5+ Nbd7 9. Ne5 h6 10. Bc6 Bxc6 11. Nxc6 Qc8 12. e5 Qb7 13. Qf3 Nd5 14. Nxd5 exd5 15. Qxd5 1-0

[Event "CRO-chT3"]
[Site "Zagreb"]
[Date "2009.04.19"]
[Round "5"]
[White "Videkovic, Marina"]
[Black "Cvetkovic, Ivan"]
[Result "0-1"]
[WhiteElo "1935"]
[BlackElo "2046"]
[PlyCount "98"]
[EventDate "2009.03.08"]
[EventType "team-tourn"]
[EventRounds "9"]
[EventCountry "CRO"]
[SourceTitle "EXT 2011"]
[Source "ChessBase"]
[SourceDate "2010.11.26"]
[SourceVersion "1"]
[SourceVersionDate "2010.11.26"]
[SourceQuality "1"]

1. e4 e6 2. d4 d5 3. Nd2 dxe4 4. Nxe4 Be7 5. Nf3 b6 6. a3 Bb7 7. Bd3 Nf6 8. Nxf6+ gxf6 9. Bf4 Nd7 10. Qe2 Nf8 11. 0-0-0 Ng6 12. Bh6 Qd5 13. c4 Qh5 14. Bd2 0-0-0 15. Be4 Bd6 16. h3 Bxe4 17. Qxe4 f5 18. Qc6 f4 19. Bc3 Kb8 20. Rhe1 Rhg8 21. c5 Bf8 22. Ne5 Nxe5 23. Rxe5 Qg6 24. cxb6 cxb6 25. Qb5 Qxg2 26. Qe2 f3 27. Qd3 Bh6+ 28. Kb1 Bg7 29. Re3 Qxh3 30. Rxf3 Qh5 31. Qe3 Rd7 32. Qf4+ Kb7 33. Rg1 Qd5 34. Qg4 Bxd4 35. Qxg8 Qxf3 36. Qe8 Qd3+ 37. Ka2 Bxc3 38. Rc1 Qd5+ 39. Kb1 Rc7 40. Rxc3 Rxc3 41. bxc3 Qb3+ 42. Kc1 Qxc3+ 43. Kd1 Qf3+ 44. Ke1 Qe4+ 45. Kd2 f5 46. Qd7+ Ka6 47. Qxh7 Qf3 48. Qg8 Qxf2+ 49. Kc1 Qc5+ 0-1

[Event "CRO-chT3"]
[Site "Zagreb"]
[Date "2009.04.05"]
[Round "4"]
[White "Ryznar, Vladimir"]
[Black "Videkovic, Marina"]
[Result "1/2-1/2"]
[WhiteElo "2143"]
[BlackElo "1935"]
[PlyCount "131"]
[EventDate "2009.03.08"]
[EventType "team-tourn"]
[EventRounds "9"]
[EventCountry "CRO"]
[SourceTitle "EXT 2011"]
[Source "ChessBase"]
[SourceDate "2010.11.26"]
[SourceVersion "1"]
[SourceVersionDate "2010.11.26"]
[SourceQuality "1"]

1. e4 c5 2. Nf3 d6 3. d4 cxd4 4. Nxd4 Nf6 5. Nc3 a6 6. a4 e5 7. Nb3 Be6 8. Be2 h6 9. Be3 Nbd7 10. 0-0 Be7 11. Bf3 0-0 12. a5 Rc8 13. Na4 Bxb3 14. cxb3 Rc6 15. b4 Rc4 16. Qb3 d5 17. exd5 Rxb4 18. Qd1 Bd6 19. b3 Rb5 20. Bb6 Nxb6 21. Nxb6 Bb4 22. d6 e4 23. Be2 Rxa5 24. Rxa5 Bxa5 25. Nc4 Bb4 26. Qa1 b5 27. Ne3 Qxd6 28. Rd1 Qe6 29. h3 Rb8 30. g4 Rc8 31. Rc1 Bd2 32. Rxc8+ Qxc8 33. Qd4 Qc1+ 34. Nf1 Bg5 35. Kg2 Qc2 36. Ng3 Bf4 37. Bd1 Qd3 38. Nf5 Qxd4 39. Nxd4 Nd5 40. Ne2 Bd2 41. Bc2 e3 42. Be4 Nb4 43. fxe3 Bxe3 44. Kf3 Bd2 45. Nd4 Kf8 46. Ke2 Bf4 47. Nc6 Nxc6 48. Bxc6 b4 49. Kd3 Ke7 50. Kc4 a5 51. Kd5 g6 52. Ke4 Bh2 53. Bb5 f6 54. Bc4 h5 55. gxh5 f5+ 56. Kd5 gxh5 57. Be2 h4 58. Kd4 Bg1+ 59. Ke5 f4 60. Kxf4 Kd6 61. Bb5 Kd5 62. Kg4 Bf2 63. Ba4 Kd4 64. Kf3 Bg3 65. Kg4 Ke3 66. Bc6 1/2-1/2

[Event "CRO-chT3"]
[Site "Zagreb"]
[Date "2008.10.12"]
[Round "8"]
[White "Podravec, Kresimir"]
[Black "Videkovic, Marina"]
[Result "1-0"]
[WhiteElo "2097"]
[BlackElo "1951"]
[PlyCount "49"]
[EventDate "2008.03.30"]
[EventType "team-tourn"]
[EventRounds "9"]
[EventCountry "CRO"]
[SourceTitle "EXT 2011"]
[Source "ChessBase"]
[SourceDate "2010.11.26"]
[SourceVersion "1"]
[SourceVersionDate "2010.11.26"]
[SourceQuality "1"]

1. e4 c5 2. Nf3 d5 3. exd5 Qxd5 4. Be2 Nf6 5. Nc3 Qd8 6. 0-0 g6 7. d3 Bg7 8. Be3 Nbd7 9. Qd2 0-0 10. Bh6 a6 11. Bxg7 Kxg7 12. d4 cxd4 13. Nxd4 Qc7 14. f4 e6 15. Bf3 Nb6 16. Nce2 e5 17. fxe5 Qxe5 18. Kh1 Ng4 19. Ng3 Nh6 20. Rae1 Qc5 21. b4 Qc7 22. Nh5+ gxh5 23. Qg5+ Kh8 24. Qf6+ Kg8 25. Re5 1-0

[Event "Bjelovar op 4th"]
[Site "Bjelovar"]
[Date "2008.09.19"]
[Round "3"]
[White "Kovacevic, Veljko"]
[Black "Videkovic, Marina"]
[Result "1-0"]
[WhiteElo "2268"]
[BlackElo "1952"]
[PlyCount "41"]
[EventDate "2008.09.18"]
[EventType "swiss"]
[EventRounds "7"]
[EventCountry "CRO"]
[SourceTitle "CBM 126 Extra"]
[Source "ChessBase"]
[SourceDate "2008.11.05"]
[SourceVersion "1"]
[SourceVersionDate "2008.11.05"]
[SourceQuality "1"]

1. c4 Nf6 2. Nc3 g6 3. e4 d6 4. d4 Bg7 5. f3 Nbd7 6. Be3 0-0 7. Qd2 a6 8. h4 h5 9. 0-0-0 e5 10. d5 b5 11. cxb5 axb5 12. Bxb5 Bb7 13. Nge2 Nb6 14. Kb1 Ba6 15. Qd3 Bxb5 16. Nxb5 Qd7 17. Rc1 Rfc8 18. Rc6 Rab8 19. Rhc1 Ne8 20. b3 Kh7 21. a4 1-0

[Event "Zagreb op"]
[Site "Zagreb"]
[Date "2007.03.19"]
[Round "3"]
[White "Jakupec, Denis"]
[Black "Videkovic, Marina"]
[Result "1-0"]
[WhiteElo "2124"]
[BlackElo "1930"]
[PlyCount "87"]
[EventDate "2007.03.17"]
[EventType "swiss"]
[EventRounds "9"]
[EventCountry "CRO"]
[SourceTitle "CBM 117 Extra"]
[Source "ChessBase"]
[SourceDate "2007.05.09"]
[SourceVersion "1"]
[SourceVersionDate "2007.05.09"]
[SourceQuality "1"]

1. d4 d5 2. Nf3 c5 3. c4 cxd4 4. cxd5 Qxd5 5. Nc3 Qa5 6. Nxd4 Nf6 7. Nb3 Qf5 8. g3 Ne4 9. Nxe4 Qxe4 10. f3 Qb4+ 11. Qd2 Nc6 12. e4 e5 13. Qxb4 Bxb4+ 14. Kf2 Be6 15. Be3 Bxb3 16. axb3 Ke7 17. Bc4 Rac8 18. Bd5 Nd4 19. Rhc1 a5 20. Bxd4 exd4 21. Bxb7 Rxc1 22. Rxc1 Rd8 23. Bd5 f6 24. Ke2 Kd6 25. Rc6+ Ke7 26. Kd3 Bd6 27. f4 g5 28. e5 fxe5 29. fxe5 Bb4 30. Kxd4 Be1 31. Rh6 Bf2+ 32. Ke4 Rd7 33. Rxh7+ Kd8 34. Rh8+ Kc7 35. Rf8 Bg1 36. h4 gxh4 37. gxh4 Bc5 38. Rf6 Be7 39. Rh6 Bf8 40. Rh5 Bg7 41. Rf5 Re7 42. h5 Kd7 43. Bc4 Kc6 44. h6 1-0

[Event "Zadar op-B 13th"]
[Site "Zadar"]
[Date "2006.12.11"]
[Round "1.6"]
[White "Videkovic, Marina"]
[Black "Brulic, Denis"]
[Result "1-0"]
[WhiteElo "1946"]
[BlackElo "2259"]
[PlyCount "121"]
[EventDate "2006.12.11"]
[EventType "swiss"]
[EventRounds "9"]
[EventCountry "CRO"]
[SourceTitle "CBM 115 Extra"]
[Source "ChessBase"]
[SourceDate "2007.01.10"]
[SourceVersion "1"]
[SourceVersionDate "2007.01.10"]
[SourceQuality "1"]

1. e4 c5 2. Nf3 e6 3. d4 cxd4 4. Nxd4 a6 5. Nc3 Qc7 6. a3 Nc6 7. Be3 Nf6 8. Be2 Ne5 9. Nb3 b5 10. 0-0 Bb7 11. f3 Nc4 12. Bxc4 bxc4 13. Nd2 Bd6 14. f4 Bc5 15. Qe2 0-0 16. Kh1 d5 17. Bxc5 Qxc5 18. e5 Nd7 19. Nf3 Bc6 20. h3 Rab8 21. Nd1 d4 22. Qd2 Rfd8 23. Nxd4 Nxe5 24. c3 Ng6 25. Qf2 Be4 26. Ne3 Qh5 27. Kh2 Rb7 28. Rad1 e5 29. fxe5 Nxe5 30. Qf4 Bd3 31. Rfe1 Rxb2 32. Kh1 f6 33. Ndf5 Rdb8 34. Ne7+ Kf8 35. N7d5 Qg6 36. Ng4 Re8 37. Nc7 Re7 38. Nd5 Re8 39. Nc7 Re7 40. Nd5 Rf7 41. Nge3 Qe4 42. Qxe4 Bxe4 43. Nf4 g5 44. Ne6+ Ke7 45. Nxg5 fxg5 46. Nxc4 Bxg2+ 47. Kg1 Ra2 48. Nxe5 Rf5 49. Ng4+ Kf8 50. Rd8+ Kg7 51. Ne3 Rff2 52. Rd7+ Kg8 53. Ng4 Rfe2 54. Nh6+ Kf8 55. Rb1 Rab2 56. Rxb2 Rxb2 57. Rxh7 Bxh3 58. Rf7+ Ke8 59. Rf3 Be6 60. Rg3 Rb5 61. Ng4 1-0

[Event "Omis op"]
[Site "Omis"]
[Date "2006.10.06"]
[Round "4"]
[White "Loncar, Robert"]
[Black "Videkovic, Marina"]
[Result "0-1"]
[WhiteElo "2417"]
[BlackElo "1946"]
[PlyCount "42"]
[EventDate "2006.10.04"]
[EventType "swiss"]
[EventRounds "7"]
[EventCountry "CRO"]
[SourceTitle "CBM 114 Extra"]
[Source "ChessBase"]
[SourceDate "2006.11.03"]
[SourceVersion "1"]
[SourceVersionDate "2006.11.03"]
[SourceQuality "1"]

1. e4 c5 2. Nf3 d6 3. d4 cxd4 4. Nxd4 Nf6 5. Nc3 a6 6. Be2 e5 7. Nb3 Be6 8. Bg5 Be7 9. Qd2 h6 10. Be3 Nbd7 11. 0-0 b5 12. f3 Nb6 13. Na5 Rc8 14. a3 d5 15. exd5 Nbxd5 16. Nxd5 Nxd5 17. Bf2 Nf4 18. Bd3 Nxd3 19. cxd3 0-0 20. Rac1 Rxc1 21. Rxc1 Bg5 0-1

[Event "Omis op"]
[Site "Omis"]
[Date "2006.10.05"]
[Round "3"]
[White "Videkovic, Marina"]
[Black "Saric, Zrinka"]
[Result "0-1"]
[WhiteElo "1946"]
[BlackElo "1939"]
[PlyCount "76"]
[EventDate "2006.10.04"]
[EventType "swiss"]
[EventRounds "7"]
[EventCountry "CRO"]
[SourceTitle "CBM 114 Extra"]
[Source "ChessBase"]
[SourceDate "2006.11.03"]
[SourceVersion "1"]
[SourceVersionDate "2006.11.03"]
[SourceQuality "1"]

1. e4 c5 2. Nf3 d6 3. d4 cxd4 4. Nxd4 Nf6 5. Nc3 g6 6. f3 Bg7 7. Be3 Nc6 8. Qd2 0-0 9. g4 e5 10. Ndb5 a6 11. g5 Nh5 12. Na3 b5 13. Nd5 Nd4 14. Bg2 Bb7 15. c3 Bxd5 16. cxd4 exd4 17. Bf2 Be6 18. f4 Re8 19. 0-0 Rc8 20. Bxd4 f5 21. exf5 Bxf5 22. Rae1 Qd7 23. Rxe8+ Rxe8 24. Bxg7 Nxg7 25. Rd1 Be4 26. Bxe4 Rxe4 27. Qd5+ Qe6 28. Qxe6+ Rxe6 29. Kf2 Nf5 30. Nc2 Re4 31. Kf3 Rc4 32. Ne3 Nxe3 33. Kxe3 Rc6 34. h4 Kf7 35. Rd2 Ke6 36. Kf3 Kf5 37. Rd5+ Ke6 38. Rd2 Rc4 0-1

[Event "Velika Gorica op 6th"]
[Site "Velika Gorica"]
[Date "2006.08.19"]
[Round "1"]
[White "Videkovic, Marina"]
[Black "Bender, Ivan"]
[Result "0-1"]
[WhiteElo "1931"]
[BlackElo "2301"]
[PlyCount "58"]
[EventDate "2006.08.19"]
[EventType "swiss"]
[EventRounds "9"]
[EventCountry "CRO"]
[SourceTitle "CBM 113 Extra"]
[Source "ChessBase"]
[SourceDate "2006.09.14"]
[SourceVersion "1"]
[SourceVersionDate "2006.09.14"]
[SourceQuality "1"]

1. e4 c5 2. Nf3 d6 3. d4 cxd4 4. Nxd4 Nf6 5. Nc3 a6 6. Be2 e5 7. Nb3 Be7 8. Be3 0-0 9. f3 Be6 10. Qd2 b5 11. a3 Nbd7 12. g4 Nb6 13. g5 Nfd7 14. h4 Nc4 15. Bxc4 bxc4 16. Nc1 Rb8 17. Rb1 Nb6 18. N1e2 f5 19. Bxb6 Qxb6 20. Nd5 Qb7 21. Nxe7+ Qxe7 22. Qe3 fxe4 23. Qxe4 Kh8 24. Ng3 Rf4 25. Qe2 Rbf8 26. Nh5 Rxf3 27. Nf6 Qb7 28. Ne4 R3f4 29. Ng3 Bg4 0-1

[Event "Omis op"]
[Site "Omis"]
[Date "2004.10.09"]
[Round "5"]
[White "Videkovic, Marina"]
[Black "Galic, Ivan"]
[Result "0-1"]
[WhiteElo "1981"]
[BlackElo "2191"]
[PlyCount "72"]
[EventDate "2004.10.06"]
[EventType "swiss"]
[EventRounds "7"]
[EventCountry "CRO"]
[SourceTitle "CBM 102 Extra"]
[Source "ChessBase"]
[SourceDate "2004.11.03"]
[SourceVersion "1"]
[SourceVersionDate "2004.11.03"]
[SourceQuality "1"]

1. d4 d5 2. c4 c6 3. Nc3 Nf6 4. Bg5 dxc4 5. e3 b5 6. Bxf6 gxf6 7. a4 Qb6 8. axb5 cxb5 9. Be2 Bb7 10. Bf3 e6 11. Bxb7 Qxb7 12. Nf3 Bb4 13. 0-0 Nd7 14. Qc2 0-0 15. Ne4 Kh8 16. Ng3 Rg8 17. e4 a5 18. Rfd1 a4 19. h3 Bd6 20. Ne2 f5 21. d5 fxe4 22. Qxe4 e5 23. Qh4 Rg7 24. Nc3 Rag8 25. Ne1 f5 26. Qh6 Rg6 27. Qh5 Rg5 28. Qe2 Nc5 29. g3 e4 30. g4 fxg4 31. h4 Re5 32. Qe3 Nb3 33. Rab1 g3 34. Kf1 g2+ 35. Nxg2 Bc5 36. Qh3 e3 0-1